The great debaters (Record no. 327)
[ view plain ]
| 000 -LEADER | |
|---|---|
| fixed length control field | 02953cgm a2200709Ka 4500 |
| 003 - CONTROL NUMBER IDENTIFIER | |
| control field | data |
| 005 - DATE AND TIME OF LATEST TRANSACTION | |
| control field | 20260322212015.0 |
| 007 - PHYSICAL DESCRIPTION FIXED FIELD--GENERAL INFORMATION | |
| fixed length control field | data |
| 008 - FIXED-LENGTH DATA ELEMENTS--GENERAL INFORMATION | |
| fixed length control field | data |
| 020 ## - INTERNATIONAL STANDARD BOOK NUMBER | |
| International Standard Book Number | 1594450277 |
| 020 ## - INTERNATIONAL STANDARD BOOK NUMBER | |
| International Standard Book Number | 9781594450273 |
| 024 10 - OTHER STANDARD IDENTIFIER | |
| Standard number or code | 796019810708 |
| 028 42 - PUBLISHER OR DISTRIBUTOR NUMBER | |
| Publisher or distributor number | 81070 |
| Source | Weinstein Company |
| 037 ## - SOURCE OF ACQUISITION | |
| Source of stock number/acquisition | Midwest Tape |
| Note | http://www.midwesttapes.com |
| 040 ## - CATALOGING SOURCE | |
| Original cataloging agency | TEFMT |
| Transcribing agency | TEFMT |
| Modifying agency | CIN |
| -- | BTCTA |
| -- | GK8 |
| -- | ZS3 |
| -- | OCLCQ |
| -- | CIN |
| 043 ## - GEOGRAPHIC AREA CODE | |
| Geographic area code | n-us-tx |
| 050 14 - LIBRARY OF CONGRESS CALL NUMBER | |
| Classification number | PN1995.9.M45 |
| Item number | G74 2008 |
| 082 04 - DEWEY DECIMAL CLASSIFICATION NUMBER | |
| Classification number | 791.43/72 |
| Edition information | 22 |
| 090 ## - LOCALLY ASSIGNED LC-TYPE CALL NUMBER (OCLC); LOCAL CALL NUMBER (RLIN) | |
| Classification number (OCLC) (R) ; Classification number, CALL (RLIN) (NR) | DVD 927 |
| 001 - CONTROL NUMBER | |
| control field | data |
| 245 14 - TITLE STATEMENT | |
| Title | The great debaters |
| Medium | [videorecording] / |
| Statement of responsibility, etc. | Todd Black ... [et al.]. |
| 250 ## - EDITION STATEMENT | |
| Edition statement | Widescreen [ed.] |
| 260 ## - PUBLICATION, DISTRIBUTION, ETC. | |
| Place of publication, distribution, etc. | [New York] : |
| Name of publisher, distributor, etc. | Weinstein Company, |
| Date of publication, distribution, etc. | c2008. |
| 300 ## - PHYSICAL DESCRIPTION | |
| Extent | 1 videodisc (124 min.) : |
| Other physical details | sd., col. ; |
| Dimensions | 4 3/4 in. |
| 508 ## - CREATION/PRODUCTION CREDITS NOTE | |
| Creation/production credits note | Director of photography, Philippe Rousselot ; editors, John Breinholt, Hughes Winborne ; music, Peter Golub, James Newton Howard ; costume designer, Sharen Davis ; production designer, David J. Bomba. |
| 511 1# - PARTICIPANT OR PERFORMER NOTE | |
| Participant or performer note | Denzel Washington, Nate Parker, Jurnee Smollett, Denzel Whitaker, Jermaine Williams, Forest Whitaker, Gina Ravera, John Heard, Kimberly Elise, Devyn Tyler, Trenton McClain Boyd. |
| 520 ## - SUMMARY, ETC. | |
| Summary, etc. | Melvin B. Tolson is a professor at Wiley College in Texas. Wiley is a small African-American college. In 1935, Tolson inspired students to form the school's first debate team. Tolson turns a group of underdog students into a historically elite debate team which goes on to challenge Harvard in the national championship. Inspired by a true story. |
| 521 8# - TARGET AUDIENCE NOTE | |
| Target audience note | MPAA rating: PG-13; strong thematic material including violence and disturbing images, language, and brief sexuality. |
| 538 ## - SYSTEM DETAILS NOTE | |
| System details note | DVD, widescreen (2.35:1) presentation; Dolby Digital. |
| 546 ## - LANGUAGE NOTE | |
| Language note | Closed-captioned. |
| 610 20 - SUBJECT ADDED ENTRY--CORPORATE NAME | |
| Corporate name or jurisdiction name as entry element | Wiley College (Marshall, Tex.) |
| Form subdivision | Drama. |
| 650 #0 - SUBJECT ADDED ENTRY--TOPICAL TERM | |
| Topical term or geographic name entry element | Debates and debating |
| Geographic subdivision | Texas |
| Form subdivision | Drama. |
| 650 #0 - SUBJECT ADDED ENTRY--TOPICAL TERM | |
| Topical term or geographic name entry element | African American college students |
| Geographic subdivision | Texas |
| Form subdivision | Drama. |
| 650 #0 - SUBJECT ADDED ENTRY--TOPICAL TERM | |
| Topical term or geographic name entry element | African American college teachers |
| Geographic subdivision | Texas |
| Form subdivision | Drama. |
| 651 #0 - SUBJECT ADDED ENTRY--GEOGRAPHIC NAME | |
| Geographic name | Texas |
| Form subdivision | Drama. |
| 655 #7 - INDEX TERM--GENRE/FORM | |
| Genre/form data or focus term | Melodrama |
| Form subdivision | Feature. |
| Source of term | migfg. |
| 655 #7 - INDEX TERM--GENRE/FORM | |
| Genre/form data or focus term | Feature films. |
| Source of term | gsafd. |
| 655 #7 - INDEX TERM--GENRE/FORM | |
| Genre/form data or focus term | Melodrama. |
| Source of term | gsafd. |
| 655 #0 - INDEX TERM--GENRE/FORM | |
| Genre/form data or focus term | Historical films. |
| 655 #0 - INDEX TERM--GENRE/FORM | |
| Genre/form data or focus term | Video recordings for the hearing impaired. |
| 655 #0 - INDEX TERM--GENRE/FORM | |
| Genre/form data or focus term | Fiction films. |
| 655 #0 - INDEX TERM--GENRE/FORM | |
| Genre/form data or focus term | Feature films. |
| 700 1# - ADDED ENTRY--PERSONAL NAME | |
| Personal name | Black, Todd. |
| 700 1# - ADDED ENTRY--PERSONAL NAME | |
| Personal name | Forte, Kate. |
| 700 1# - ADDED ENTRY--PERSONAL NAME | |
| Personal name | Roth, Joe, |
| Dates associated with a name | 1948- |
| 700 1# - ADDED ENTRY--PERSONAL NAME | |
| Personal name | Washington, Denzel, |
| Dates associated with a name | 1954- |
| 700 1# - ADDED ENTRY--PERSONAL NAME | |
| Personal name | Winfrey, Oprah. |
| 700 1# - ADDED ENTRY--PERSONAL NAME | |
| Personal name | Eisele, Robert. |
| 700 1# - ADDED ENTRY--PERSONAL NAME | |
| Personal name | Porro, Jeffrey. |
| 700 1# - ADDED ENTRY--PERSONAL NAME | |
| Personal name | Parker, Nate, |
| Dates associated with a name | 1979- |
| 700 1# - ADDED ENTRY--PERSONAL NAME | |
| Personal name | Smollett, Jurnee, |
| Dates associated with a name | 1986- |
| 700 1# - ADDED ENTRY--PERSONAL NAME | |
| Personal name | Whitaker, Denzel. |
| 700 1# - ADDED ENTRY--PERSONAL NAME | |
| Personal name | Williams, Jermaine. |
| 700 1# - ADDED ENTRY--PERSONAL NAME | |
| Personal name | Whitaker, Forest. |
| 700 1# - ADDED ENTRY--PERSONAL NAME | |
| Personal name | Ravera, Gina. |
| 700 1# - ADDED ENTRY--PERSONAL NAME | |
| Personal name | Heard, John, |
| Dates associated with a name | 1946- |
| 700 1# - ADDED ENTRY--PERSONAL NAME | |
| Personal name | Elise, Kimberly, |
| Dates associated with a name | 1971- |
| 700 1# - ADDED ENTRY--PERSONAL NAME | |
| Personal name | Tyler, Devyn. |
| 700 1# - ADDED ENTRY--PERSONAL NAME | |
| Personal name | Boyd, Trenton McClain. |
| 710 2# - ADDED ENTRY--CORPORATE NAME | |
| Corporate name or jurisdiction name as entry element | Weinstein Company. |
| 710 2# - ADDED ENTRY--CORPORATE NAME | |
| Corporate name or jurisdiction name as entry element | Harpo Films. |
| Withdrawn status | Lost status | Damaged status | Not for loan | Home library | Current library | Shelving location | Date acquired | Total checkouts | Full call number | Barcode | Date last seen | Price effective from | Koha item type |
|---|---|---|---|---|---|---|---|---|---|---|---|---|---|
| Centerville | Centerville | General stacks | 22/03/2026 | 791.43/72 22 | BC0010337 | 22/03/2026 | 22/03/2026 | Books |